Statystyki dla Największe aglomeracje we Francji

Kliknij tutaj aby rozwiązać quiz!

Ogólne statystyki

  • Ten quiz został rozwiązany 99 razy
  • Średni wynik to 10 z 20

Statystyki odpowiedzi

MiejsceMieszkańcyNazwa% Poprawnych
1.7 026 765Wielki Paryż
100%
2.1 873 707Metropolia Marsylia-Prowansja
97%
3.1 398 892Wielki Lyon
96%
4.1 174 273Europejska Metropolia Lille
78%
8.537 999Metropolia Lazurowego Wybrzeża Nicei
75%
5.791 958Aglomeracja Bordeaux
74%
6.762 956Aglomeracja Tuluska
71%
7.646 522Aglomeracja Nantes
65%
9.491 409Eurometropolia Strasburska
63%
11.465 070Śródziemnomorska Metropolia Montpellier
53%
12.451 762Aglomeracja Rennes
52%
20.251 897Aglomeracja Dijon
34%
19.256 610Wielkie Nancy
33%
18.286 257Aglomeracja Orleańska
32%
13.443 123Metropolia Grenoble-Alpy
27%
17.289 817Metropolia Clermont-Owernia
25%
15.404 323Aglomeracja Saint-Étienne
22%
16.293 123Metropolia Doliny Loary Tours
19%
10.490 001Metropolia Rouen-Normandia
18%
14.433 221Śródziemnomorska Aglomeracja Tulon-Prowansja
13%

Rozkład punktacji

Percentyl według liczby udzielonych odpowiedzi

Procent ludzi z każdym wynikiem

Twoja historia wyników

Nie rozwiązałeś tego quizu